Kho tàng ca dao người Việt T.4 /
Kho tàng ca dao Việt Nam là cuốn sách ghi chép khối lượng thơ ca dân gian hết sức phong phú và là tư liệu cung cấp cho các nhà nghiên cứu thưởng thức, tìm hiểu về ca dao, dân ca.
محفوظ في:
| المؤلف الرئيسي: | |
|---|---|
| مؤلفون آخرون: | |
| التنسيق: | كتاب |
| اللغة: | Vietnamese |
| منشور في: |
Hà Nội :
Văn hoá thông tin,
1995.
|
| الموضوعات: | |
| الوسوم: |
إضافة وسم
لا توجد وسوم, كن أول من يضع وسما على هذه التسجيلة!
|
| Thư viện lưu trữ: | Mạng thư viện Đại học Đà Nẵng |
|---|
| LEADER | 01172cam a2200361 i 4500 | ||
|---|---|---|---|
| 001 | 000042832 | ||
| 003 | 707 | ||
| 005 | 20030911110712.0 | ||
| 008 | 010226b1995 vm 000 vie | ||
| 022 | |a T | ||
| 040 | |a IRC |c IRC |d IRC | ||
| 041 | 0 | |a vie | |
| 082 | 1 | 4 | |a 398.8 |b NG-K |
| 100 | 1 | |a Nguyễn Xuân Kính. | |
| 245 | 0 | 0 | |a Kho tàng ca dao người Việt |n T.4 / |c Nguyễn Xuân Kính chủ biên, Phan Đăng Nhất. |
| 260 | |a Hà Nội : |b Văn hoá thông tin, |c 1995. | ||
| 300 | |a 2778tr. ; |c 20.5cm. | ||
| 520 | 3 | |a Kho tàng ca dao Việt Nam là cuốn sách ghi chép khối lượng thơ ca dân gian hết sức phong phú và là tư liệu cung cấp cho các nhà nghiên cứu thưởng thức, tìm hiểu về ca dao, dân ca. | |
| 630 | 0 | 4 | |a Văn học dân gian. |
| 630 | 0 | 4 | |a Ca dao. |
| 650 | 0 | 4 | |a Văn học dân gian |z Việt Nam. |
| 650 | 0 | 4 | |a Ca dao Việt Nam. |
| 700 | 1 | |a Phan Đăng Nhất. | |
| OWN | |a DUT | ||
| 999 | |a From the UDN01 | ||
| TYP | |a Monograph | ||
| TYP | |a Printed language | ||
| 980 | |a Mạng thư viện Đại học Đà Nẵng | ||